000 00488nam a2200181 i 4500
001 bg
003 BPK
005 20160413114631.0
008 s pl f |000 0 pol
040 _cBPK
041 _apol
080 _a621.9(075.8)
100 1 _aBURNAT, Leon
245 0 _aObrabiarki do metali.
_nCz.1.
_nz.1 /
260 _aŁódź,
_c1971.
856 _uhttp://koha.tu.koszalin.pl/cgi-bin/koha/opac-detail.pl?biblionumber=7321
_yKatalog online BPK
942 _cKS
_2UKD
999 _c7321
_d7321